000 00420 a2200169 4500
001 143476
040 _cLeonardo Da Vinci
041 _aPortuguês
082 _a421.1 F428i
_bF428i
100 _aFERRARI, Mariza
_aRUBIN, Sarah G
245 _aInglês
_bnovo manual
260 _bNova Cultural
_c1994
_aSão Paulo
300 _a192
362 _a19940000
697 _aGramática
_aInglês
_aEnsino médio
942 _cBK
999 _c143476
_d143476